El convenio con Inglaterra / (Record no. 163722)

MARC details
000 -LEADER
campo de control de longitud fija 01198nam a22002295i 4500
001 - NÚMERO DE CONTROL
campo de control 163722
003 - IDENTIFICADOR DE NÚMERO DE CONTROL
campo de control ES-MaACL
005 - FECHA Y HORA DE LA ÚLTIMA TRANSACCIÓN
campo de control 20240528161702.0
008 - DATOS DE LONGITUD FIJA--INFORMACIÓN GENERAL
campo de control de longitud fija 990318s1884 sp |||| | spa d
040 ## - FUENTE DE CATALOGACIÓN
Centro catalogador/agencia de origen CCPB | B
Lengua de catalogación spa
Centro/agencia transcriptor CCPB | B
100 1# - ENTRADA PRINCIPAL--NOMBRE DE PERSONA
Nombre de persona Rodríguez, Gabriel,
Fechas asociadas al nombre 1829-1901
9 (RLIN) 98243
245 13 - MENCIÓN DEL TÍTULO
Título El convenio con Inglaterra /
Mención de responsabilidad, etc. conferencias dadas por D. Gabriel Rodríguez en el Círculo de la Unión Mercantil en los días 16 de Febrero y 8 y 29 de Marzo de 1884 ; publicadas como suplemento por el periódico El Día.
260 ## - PUBLICACIÓN, DISTRIBUCIÓN, ETC.
Lugar de publicación, distribución, etc. Madrid :
Nombre del editor, distribuidor, etc. [s.n.],
Fecha de publicación, distribución, etc. 1884 (
Fabricante Imprenta de El Día, á cargo de Lucas polo)
300 ## - DESCRIPCIÓN FÍSICA
Extensión 111 p. ;
Dimensiones 16 cm.
597 ## - NOTA DE DESCRIPCIÓN FÍSICA
NOTA DE DESCRIPCIÓN FÍSICA Antep.
710 2# - ENTRADA AGREGADA--NOMBRE DE ENTIDAD CORPORATIVA
Nombre de entidad corporativa o nombre de jurisdicción como elemento de entrada Círculo de la Unión Mercantil (Madrid)
9 (RLIN) 134324
852 ## - LOCALIZACIÓN
Ubicación ES-MaACL
Número de control de estantería T-403-F-12
condición física Ejemplar guillotinado afectando al texto
Ubicación en estantería Depósito folletos
Encuadernación Enc. en un vol. facticio
-- Enc. hol.
itemnumber 169913
852 ## - LOCALIZACIÓN
Ubicación ES-MaACL
Número de control de estantería FOLL-Laf-581
itemnumber 169912
Ubicación en estantería Depósito folletos
Marcas de propiedad Sello en tinta en portada: "Ateneo de Madrid. Biblioteca"
-- Sello en tinta en portada: "Ateneo de Madrid. Legado M. de la Fuente"
Donativo/Legado Legado: M. de la Fuente
903 ## - NOMBRE PERSONAL DE DONANTE
9 69535
a Lafuente, Modesto,
q 1
d 1806-1866
e Donante
942 ## - ELEMENTOS DE ENTRADA SECUNDARIOS (KOHA)
Fuente del sistema de clasificación o colocación Clasificación decimal universal
Holdings
Estatus retirado Estado de pérdida Fuente del sistema de clasificación o colocación Estado de daño No para préstamo Colección Biblioteca de origen Biblioteca actual Ubicación en estantería Fecha de adquisición Fuente de adquisición Total de préstamos Signatura topográfica completa Código de barras Visto por última vez Precio de reemplazo Tipo de ítem Koha
    Clasificación decimal universal     Colección de folletos Biblioteca del Ateneo de Madrid Biblioteca del Ateneo de Madrid Depósito folletos 17/01/2008 Legado   FOLL-Laf-581 1171569 23/02/2023 23/02/2023 Folleto
          Colección de folletos Biblioteca del Ateneo de Madrid Biblioteca del Ateneo de Madrid Depósito folletos 17/01/2008     T-403-F-12 1171568 23/02/2023 23/02/2023 Folleto